A-Z Keypad Blitz Quiz Stats

 Plays Quiz Updated Nov 7, 2018

Challenge
Share
Tweet
Embed
Score 0/64 Timer 06:00
0 Plays Today
% Correct
Alabama...
97%
Maine...
96.4%
Washington...
96%
Georgia...
95.3%
John Adams...
95.2%
Tennessee...
94.8%
Delaware...
93.8%
Kansas...
93.4%
Andrew Jackson...
92.8%
Pennsylvania...
91.5%
James Madison...
90%
George Washington...
88.9%
Jack...
88.4%
McDonald's
88.1%
Actinium...
85.6%
Arby's...
85.1%
Gadolinium...
85%
James...
84.6%
Angels...
83.8%
Packers...
83.1%
Franklin Pierce...
82.9%
Paris...
82.4%
Magnesium...
81.5%
James Garfield...
78.4%
Palladium...
77.5%
Malachi...
74.7%
Kiev...
74.7%
William Taft...
74.6%
Matthew...
74%
Dwight D. Eisenhower...
73.7%
Philemon...
73.2%
Amsterdam...
71.7%
% Correct
Jaguars...
70.8%
Diamondbacks...
69.6%
Aaron...
69.2%
Madrid...
68.5%
Wendy's...
68.2%
Tantalum...
67.5%
Texans...
67.1%
Daniel...
66.2%
Jack In the Box...
65.6%
Galatians...
65.6%
Panera...
65.5%
Daniel...
65.4%
Krypton...
65.3%
Xenon...
63.1%
Marlins...
62.7%
Giants...
62%
William...
57.9%
Thomas...
55.8%
Robert...
51%
White Sox...
49.8%
Taco Bell...
48.8%
Darmstadtium...
47.3%
Acts...
47.3%
Tallinn...
42.9%
Warsaw...
38.5%
Dairy Queen...
38.4%
Hardee's...
33.2%
Dublin
30.5%
Thessalonians...
30%
Helsinki
29.9%
Gabriel...
26.3%
Zechariah...
20.8%

You're not logged in!

Compare scores with friends on all Sporcle quizzes.
OR
Log In

You Might Also Like...

Show Comments

Extras

Top Quizzes Today


Score Distribution

Your Account Isn't Verified!

In order to create a playlist on Sporcle, you need to verify the email address you used during registration. Go to your Sporcle Settings to finish the process.

Report this User

Report this user for behavior that violates our Community Guidelines.

Details: